Criminal law and procedure : (Record no. 5423)

MARC details
000 -LEADER
fixed length control field 01341cam a2200337 a 4500
001 - CONTROL NUMBER
control field 12404572
003 - CONTROL NUMBER IDENTIFIER
control field 20170214143656.0
005 - DATE AND TIME OF LATEST TRANSACTION
control field 20240606080956.0
008 - FIXED-LENGTH DATA ELEMENTS--GENERAL INFORMATION
fixed length control field 010510s2002 nyuk 001 0 eng
010 ## - LIBRARY OF CONGRESS CONTROL NUMBER
LC control number 2001026520
020 ## - INTERNATIONAL STANDARD BOOK NUMBER
International Standard Book Number 0766830837
040 ## - CATALOGING SOURCE
Original cataloging agency DLC
Transcribing agency DLC
Modifying agency DLC
043 ## - GEOGRAPHIC AREA CODE
Geographic area code n-us---
050 00 - LIBRARY OF CONGRESS CALL NUMBER
Classification number KF9219
Item number .B23 2001
082 00 - DEWEY DECIMAL CLASSIFICATION NUMBER
Classification number 345.73
Edition information 21
100 1# - MAIN ENTRY--PERSONAL NAME
Personal name Bacigal, Ronald J.
245 10 - TITLE STATEMENT
Title Criminal law and procedure :
Remainder of title an introduction /
250 ## - EDITION STATEMENT
Edition statement 2nd ed.
260 ## - PUBLICATION, DISTRIBUTION, ETC.
Place of publication, distribution, etc. Albany, NY :
Name of publisher, distributor, etc. West/Thomson Learning,
Date of publication, distribution, etc. c2002.
300 ## - PHYSICAL DESCRIPTION
Extent xxxi, 368 p. :
Other physical details forms ;
Dimensions 27 cm.
440 #4 - SERIES STATEMENT/ADDED ENTRY--TITLE
Title The West Legal Studies series
500 ## - GENERAL NOTE
General note Includes index.
650 #0 - SUBJECT ADDED ENTRY--TOPICAL TERM
Topical term or geographic name entry element Criminal law
Geographic subdivision United States.
650 #0 - SUBJECT ADDED ENTRY--TOPICAL TERM
Topical term or geographic name entry element Criminal procedure
Geographic subdivision United States.
856 42 - ELECTRONIC LOCATION AND ACCESS
Materials specified Contributor biographical information
Uniform Resource Identifier <a href="http://www.loc.gov/catdir/enhancements/fy1514/2001026520-b.html">http://www.loc.gov/catdir/enhancements/fy1514/2001026520-b.html</a>
856 42 - ELECTRONIC LOCATION AND ACCESS
Materials specified Publisher description
Uniform Resource Identifier <a href="http://www.loc.gov/catdir/enhancements/fy1514/2001026520-d.html">http://www.loc.gov/catdir/enhancements/fy1514/2001026520-d.html</a>
856 41 - ELECTRONIC LOCATION AND ACCESS
Materials specified Table of contents only
Uniform Resource Identifier <a href="http://www.loc.gov/catdir/enhancements/fy1514/2001026520-t.html">http://www.loc.gov/catdir/enhancements/fy1514/2001026520-t.html</a>
906 ## - LOCAL DATA ELEMENT F, LDF (RLIN)
a 7
b cbc
c orignew
d 1
e ocip
f 20
g y-gencatlg
942 ## - ADDED ENTRY ELEMENTS (KOHA)
Source of classification or shelving scheme Library of Congress Classification
Koha item type Books
Holdings
Withdrawn status Lost status Source of classification or shelving scheme Damaged status Not for loan Home library Current library Date acquired Total checkouts Full call number Barcode Date last seen Date last checked out Price effective from Koha item type
    Library of Congress Classification     Murang'a University of Technology Library Murang'a University of Technology Library 14/02/2017 10 KF9219 .B23 2001 005664 30/08/2024 17/03/2023 14/02/2017 Books